| 000 -ლიდერი |
| ფიქსირებული სიგრძის საკონტროლო ველი |
01459nam a2200277Ia 4500 |
| 001 - საკონტროლო ნომერი |
| საკონტროლო ველი |
20087 |
| 003 - საკონტროლო ნომრის იდენტიფიკატორი |
| საკონტროლო ველი |
GE_BSU |
| 005 - ბოლო ოპერაციის თარიღი და დრო |
| საკონტროლო ველი |
20250424173625.0 |
| 008 - ფიქსირებული სიგრძის მონაცემთა ელემენტები - ზოგადი ინფორმაცია |
| ფიქსირებული სიგრძის საკონტროლო ველი |
181216s2014||||ge |||||||||||||| ||geo|| |
| 020 ## - წიგნის საერთაშორისო სტანდარტული ნომერი |
| International Standard Book Number |
9789941181658 |
| 040 ## - კატალოგიზაციის წყარო |
| Transcribing agency |
GE_BSU |
| 041 ## - ენის კოდი |
| Language code of text/sound track or separate title |
geo |
| 080 ## - უნივერსალური ათობითი კლასიფიკაციის ინდექსი |
| Universal Decimal Classification number |
1+330.12+575.83+123+329.15+37.02 შ-52 |
| 245 ## - ცნობა სათაურის შესახებ |
| Title |
შესავალი თანამედროვე აზროვნებაში : |
| Remainder of title |
[კრებული : სახელმძღვ. ილიას სახელმწ. უნ-ტის პირველკურსელთათვის]. წ. 2 / |
| Statement of responsibility, etc |
ტექსტები თარგმნეს: გიორგი მაისურაძემ [და სხვ.]. |
| 250 ## - გამოცემის ცნობა |
| Edition statement |
მეოთხე გამოცემა |
| 264 ## - წარმოების, გამოცემის, დისტრიბუციის და სხვა ცნობები |
| გამოცემის, წარმოების, დისტრიბუციის... ადგილი |
თბილისი : |
| გამოცემის, წარმოების, დისტრიბუციის... სახელწოდება |
ილიას სახელმწიფო უნ-ტი, |
| გამოცემის, წარმოების, დისტრიბუციის... თარიღი |
2014. |
| 300 ## - ფიზიკური აღწერა |
| Extent |
612 გვ. ; |
| Dimensions |
24 სმ.. |
| 653 ## - INDEX TERM--UNCONTROLLED |
| Uncontrolled term |
განმანათლებლობა |
| 653 ## - INDEX TERM--UNCONTROLLED |
| Uncontrolled term |
კომუნისტური პარტიის მანიფესტი |
| 653 ## - INDEX TERM--UNCONTROLLED |
| Uncontrolled term |
თავისუფლება |
| 653 ## - INDEX TERM--UNCONTROLLED |
| Uncontrolled term |
ხალხთა სიმდიდრის ბუნება |
| 653 ## - INDEX TERM--UNCONTROLLED |
| Uncontrolled term |
სახეობათა წარმოშობა |
| 653 ## - INDEX TERM--UNCONTROLLED |
| Uncontrolled term |
შესავალი თანამედროვე აზროვნებაში |
| 942 ## - ADDED ENTRY ELEMENTS (KOHA) |
| Koha item type |
წიგნი |
| Source of classification or shelving scheme |
|